A f.évi fősorozások

Zmeny harmonogramu hlavných odvodov v máji až júni 1914 na Zemplíne.

Podrobná bibliografia
Médium: Článok
Jazyk:Hungarian
Témy:
Zdroj: 1. Felvidéki Hirlap 1. Roč. 7, č. 16 (26.04.1914) s. 2
LEADER 00927nab#a2200361#ar4500
001 000074472
003 SVKKK
005 20041220xxxxxxx.
008 06 c xo huno
FMT
038 |a SVKKK 
040 |a SVKKK  |b slo  |e AACR2 
041 0 |a hun 
044 |a xo  |c SK 
080 |a 355/359 
242 1 0 |a Hlavné odvody v bežnom roku 
245 0 0 |a A f.évi fősorozások 
500 |a mikrofilm 
520 2 |a Zmeny harmonogramu hlavných odvodov v máji až júni 1914 na Zemplíne. 
650 0 4 |a vojsko - odvody vojenské - zmeny termínov - Zemplín - máj-jún 1914 - texty 
773 0 |t Felvidéki Hirlap  |g Roč. 7, č. 16 (26.04.1914) s. 2 
957 |a Humenné 
957 |a Medzilaborce 
957 |a Michalovce 
957 |a Snina 
957 |a Stropkov 
957 |a Vranov 
958 |a DG 
958 |a SK 
974 |a Ba  |d 20041220 
992 |a RBX 
BAS
998 |a RETRO